Normal view
MARC view
- khan, Jamal Ahmed
Entry Personal Name
001 - CONTROL NUMBER
- control field: 29198
003 - CONTROL NUMBER IDENTIFIER
- control field: NUST
005 - DATE AND TIME OF LATEST TRANSACTION
- control field: 20200617151017.0
008 - FIXED-LENGTH DATA ELEMENTS
- fixed length control field: 200617|| aca||aabn | a|a d
040 ## - CATALOGING SOURCE
- Original cataloging agency: NUST
- Transcribing agency: NUST
100 ## - HEADING--PERSONAL NAME
- Personal name: khan, Jamal Ahmed
670 ## - SOURCE DATA FOUND
- Source citation: Work cat.: (NUST): khan, Jamal Ahmed, Performance evaluation of aggregate gradations adjusted through the bailey method /, 2015.
